000 00211nam a22000857a 4500
999 _c10964
_d10964
008 180703b ||||| |||| 00| 0 eng d
100 _aKirmani.F.
_96766
245 _aBacho k rang manchiye natak
260 _aNew Delhi